| 000 | 00750nam a22002057a 4500 | ||
|---|---|---|---|
| 999 |
_c178770 _d178770 |
||
| 005 | 20210413113820.0 | ||
| 010 | _aB-739790 | ||
| 020 |
_a8126021713 _c200.00 |
||
| 035 | _aB-739790 | ||
| 037 | _bGift | ||
| 082 | _a891.109 | ||
| 100 | _aDas, Sisir Kumar | ||
| 245 |
_aA history of Indian literature: _b500-1399 from courtly to the popular / _cby Sisir Kumar Das |
||
| 260 |
_aNew Delhi _bSahitya Akademi _c2005 |
||
| 270 |
_aRabindra Bhawan, 35 Ferozeshah Road, _bNew Delhi _e110001 |
||
| 300 |
_aix, 302p. _c24cm(Hb) |
||
| 500 | _aincludes index | ||
| 942 |
_2ddc _cEN _mDAS _h891.109 |
||